| 000 | 00396nam a22001577a 4500 | ||
|---|---|---|---|
| 999 |
_c532776 _d532776 |
||
| 003 | NUST | ||
| 005 | 20191202181129.0 | ||
| 008 | 191202b ||||| |||| 00| 0 eng d | ||
| 038 | _aMSOHAIL | ||
| 082 | _a0 | ||
| 100 |
_aMoulana Muhammad Idrees Sarwar _926363 |
||
| 245 | _aIslam aur Humari Zindagi (Vol 8) | ||
| 260 |
_aLahore _bIdara Islamiyat _cc2010 |
||
| 300 | _axvi;v.p | ||
| 942 |
_2ddc _cBK |
||